00789nam a2200229Ia 4500003000900000008004100009020003000050020003100080022002200111022002300133040001600156100002900172245005700201260003800258300002000296490003800316650003500354650005500389650002000444650002200464856007300486IN-BaIIA211028s9999 xx s 000 0 eng d a978-1-4614-8010-5 (Print) a978-1-4614-8011-2 (Online) a0081-3869 (Print) a1615-0430 (Online) cIIA Library aZimbovskaya, Natalya A.  0aTransport Properties of Molecular Junctionsh[eBook] aNew YorkbSpringer New Yorkc2013 aOnline resource aSpringer Tracts in Modern Physics a Applied and Technical Physics a Electronics and Microelectronics, Instrumentation a Nanotechnology aMaterials Science uhttp://doi.org/10.1007/978-1-4614-8011-2yClick Here to Access eBook